000 00711nam a2200217 u 4500
005 20240228064300.0
008 170322s2010 r 000 0 eng d
020 _a9788574165448
035 _aUPN01000216979
049 _aI
050 4 _aPZ88
_bD5.9
100 1 _aDias, Vera Lúcia
_940192
245 1 1 _a¿Y tú? ¿a qué juegas? /
_cVera Lúcia Dias ; il. de Cecilia Rébora ; tr. de Romeo Tello Arista.
260 _aSao Paulo, Bra :
_bCallis,
_c2010.
300 _a[30] p. :
_bil.
534 _pTítulo original:
_tE vocé, brinca de qué?
650 4 _aLITERATURA INFANTIL BRASILEÑA
_911916
650 4 _aLibros y lectura para niños
_92290
700 1 _aRébora, Cecilia,
_eil.
905 _aInfantil
999 _c189079
_d189079